000 00507nam a2200133Ia 4500
008 171212s9999 xx 000 0 und d
020 _a9780874214482
100 _aDay, Kami;Eodice, Michele
245 _cDay, Kami;Eodice, Michele
_aFirst Person Squared
_bA Study of Co-Authoring in the Academy
260 _bUniversity Press of Colorado
_c2001
650 _aAcademic writing; Authorship -- Collaboration; Group work in education
650 _aEducation
856 _uwww.jstor.org/stable/10.2307/j.ctt46nxhs
999 _c353065
_d353065